Quantitative aspects of latex metabolosm: Possible involvement of precursors other than sucrose in the biosynthesis of Hevea rubber (Record no. 66193)

MARC details
000 -LEADER
fixed length control field 00473nam a2200121Ia 4500
100 ## - MAIN ENTRY--AUTHOR NAME
Personal name Bealing F J
245 #0 - TITLE STATEMENT
Title Quantitative aspects of latex metabolosm: Possible involvement of precursors other than sucrose in the biosynthesis of Hevea rubber
260 ## - PUBLICATION, DISTRIBUTION, ETC. (IMPRINT)
Name of publisher Proceedings of the International Rubber Conference, Kuala Lumpur. V.2, 1975; p543-565
650 ## - SUBJECT ADDED ENTRY--TOPICAL TERM
Topical Term Hevea biosynthesis
650 ## - SUBJECT ADDED ENTRY--TOPICAL TERM
Topical Term Latex metabolism
942 ## - ADDED ENTRY ELEMENTS (KOHA)
Koha item type Journals
Holdings
Withdrawn status Lost status Damaged status Not for loan Home library Current library Shelving location Date acquired Koha item type
      Journals RRII Library RRII Library Physiology 17/12/2021 Journals